00679 2200169 4500245005000000020002200050250001100072100002300083650001200106005001900118260004000137041001400177084001100191300002600202500027200228336000900500 aHikayat Suara-SuaracTaufik Ikram JamilhText a978-602-412-663-6 aCet. 1 aTaufik Ikram Jamil aHikayat a20241015123250 aJakartabPenerbit Buku Kompasc2019 aIndonesia a808.83 ax, 150 hlm. :c21 cm. aSuara adalah pesan. Suara adalah tokoh. Suara adalah makna yang bersembunyi di balik masalah politik, ekonomi, religiusitas. Suara memberi makna pada dirinya sendiri, pada orang lain, pada siapa saja yang mendengar dan mencari suara. Kumpulan cerpen suara untuk Anda. atext